La reine Nefertari : la plus belle /

محفوظ في:

المؤلف الرئيسي: Māhir Ṭāhā, Maḥmūd (مؤلف)

مؤلف مشترك: Egypt. Wizārat al-Thaqāfah.

التنسيق: كتاب

اللغة: French

منشور في: Cairo : Ministére de la culture, Egypte relations culturel les extérieures, 2015.

الطبعة: 2nd ed.

سلاسل: Prism archaeological series ; 7a.

الموضوعات:

الوسوم: إضافة وسم

لا توجد وسوم, كن أول من يضع وسما على هذه التسجيلة!

رقم الطلب: DT43 .E74 P75 v.7a

LEADER 00969namaa2200265 4500
003 OSt
005 20260316095702.0
008 130303s2015 ua abe b 000 0 fre d
040 |c ARCE Library 
050 4 |a DT43 .E74 P75 v.7a 
100 1 |a Māhir Ṭāhā, Maḥmūd,  |e author 
245 1 3 |a La reine Nefertari :  |b la plus belle /  |c Mahmoud Maher Taha. 
250 |a 2nd ed. 
264 1 |a Cairo :  |b Ministére de la culture, Egypte relations culturel les extérieures,   |c 2015. 
300 |a 135 pages :  |b color illustrations, maps, plans ;   |c 29 cm. 
490 0 |a Prism archaeological series ;   |v 7a. 
504 |a Includes bibliographical references. 
546 |a Text in French. 
600 0 0 |a Nefertari,  |c Queen, consort of Ramses II, King of Egypt.  |9 36813 
600 0 0 |a Ramses‪  |b II,‪  |c King of Egypt.‪ 
651 0 |a Valley of the Queens (Egypt)   |x Antiquities. 
710 2 |a Egypt.   |b Wizārat al-Thaqāfah. 
901 |a reviewed 
942 |c BK  |2 lcc 
999 |c 8739  |d 8739